000 01211 a2200217 4500
001 22296
005 20260407155512.0
008 260407a1994 arg spa d
003 AR-UNSa-BCEJYS
040 _aAR-UNSa-BCEJYS
_bspa
_cAR-UNSa-BCEJYS
080 _a342.9
_xDerecho Administrativo
245 1 0 _aTratado de derecho administrativo
250 _a4a.ed.
264 1 _aBuenos Aires :
_bAbeledo Perrot
_c1994
300 _a725 p.
_c23 cm.
505 _aParte II: 1. De la función o empleo público - 2. El personal de la administración pública - 3. Estructura de la relación de función o empleo público - 4. El ingreso a la función o empleo público - 5. Naturaleza jurídica de la relación de función o empleo públicos - 6. Formación de la relación de función o de empleo públicos - 7. Deberes de los funcionarios y empleados públicos - 8. Derechos de los funcionarios y empleados públicos - 9. Responsabilidad de los funcionarios públicos - 10. Extinción de la relación de función o empleo público - 11. De las contiendas en materia de relación de empleo público.
041 _aspa
942 _cBK
590 _aniveau_biblio:m niveau_hierar:0
100 1 _aMarienhoff, Miguel S.
999 _c953
_d953